Culture Générale - Série 2554 - Statistiques

Statistiques générales
  • Ce quiz a été pris 157 fois
  • Le résultat moyen est 6 sur 10
Statistiques - réponses
Question Réponse % Correct
Complétez l'expression : "C'est clair comme de l'eau de ... - 5 lettres roche
96%
Repas que Jésus-Christ prit avec ses apôtres la veille de la Passion et au cours duquel il institua l'Eucharistie cène
81%
Quel élément chimique a pour symbole "Na" ? sodium
81%
De quel pays est originaire le thé appelé "lapsang souchong" ? Chine
68%
Sous quel nom connait-on mieux François-Marie Arouet ? Voltaire
68%
Prolongement vertical du bord postérieur du voile du palais, formant un petit appendice charnu, à l'entrée du gosier - synonyme de "uvule" - n°3 sur la photo luette
48%
Selon une tradition chrétienne, le tombeau du Christ est appelé "saint ..... sépulcre
47%
Quel est le prénom de l'animateur de radio associé à l'émission " Les routiers sont sympas" diffusée sur RTL de 1972 à 1986 ? Max
30%
Quelle est la monnaie officielle de l’Afrique du Sud ? rand
30%
Qui a écrit "Joseph Balsamo" première partie d'une série intitulée « Mémoires d'un médecin » ? prénom et nom Alexandre Dumas
12%
Aucun quiz correspondant
Distribution des résultats
% des personnes avec chaque résultat
Percentile par nombre de réponses
Votre historique - résultats
Vous n’avez pas pris ce quiz